Roll of Arms of the European Union - Statistics

General Stats
  • This quiz has been taken 11 times
  • The average score is 20 of 28
Answer Stats
Answer % Correct
Austria
100%
Croatia
88%
Italy
88%
Malta
88%
Belgium
75%
Czech Republic
75%
Denmark
75%
Estonia
75%
Finland
75%
France
75%
Germany
75%
Greece
75%
Hungary
75%
Ireland
75%
Latvia
75%
Lithuania
75%
Slovakia
75%
Cyprus
63%
Luxembourg
63%
Netherlands
63%
Portugal
63%
Slovenia
63%
Spain
63%
Bulgaria
50%
Poland
50%
Romania
50%
Sweden
50%
United Kingdom
50%
No matching quizzes found
Score Distribution
Percent of People with Each Score
Percentile by Number Answered
Your Score History
You have not taken this quiz